000 01115nam a2200229Ia 4500
001 L560-48622
003 IT-CnALBA
008 170116s9999||||xx |||||||||||||| ||und||
040 _aIT-CnALBA
_cIT-CnALBA
041 _aITALIANO
100 _aMERLI IRENE
245 0 _aCOME RICONOSCERE IL MEDICO GIUSTO. E COME DIFENDERE I VOSTRI DIRITTI DI PAZIENTI.
250 _a1a ed.
260 _aMILANO
_bFRANCOANGELI SRL.
_c1994 [1° Ed.:1994 - Ed.Ling.Originale: 1994]
300 _a221 p.
500 _aMEDICO GIUSTO. DIRITTI DEL PAZIENTE. SCELTA DEL MEDICO DI BASE. DEGLI SPECIALISTI. IL DOVUTO AL PAZIENTE A NORMA DI LEGGE. DIFESA DEGLI ERRORI DEL MEDICO. ORGANIZZAZIONI A DIFESA DEL PAZIENTE.
501 _aSocietà San Paolo EM - Piazza San Paolo, 14 - 12051 ALBA (CN) (non commercial uses only) ® Copyright 2017
520 _aMEDICO GIUSTO. DIRITTI DEL PAZIENTE. SCELTA DEL MEDICO DI BASE. DEGLI SPECIALISTI. IL DOVUTO AL PAZIENTE A NORMA DI LEGGE. DIFESA DEGLI ERRORI DEL MEDICO. ORGANIZZAZIONI A DIFESA DEL PAZIENTE.
650 _aPALEONTOLOGIA-PALEOZOOLOGIA
942 _cBK
957 _71
999 _a55137
_bNO
_g Copie: 1
_c307536
_d307536